| 000 | 00462nam a22001577a 4500 | ||
|---|---|---|---|
| 003 | SISC | ||
| 005 | 20160712094225.0 | ||
| 008 | 160712b xxu||||| |||| 00| 0 eng d | ||
| 020 | _a9781849342308 | ||
| 050 | _aPE 1137 .K59 2012 | ||
| 245 |
_aSpoken english / _cBetty Krikpatrick. |
||
| 260 |
_aManila : _bWS Pacific Publications, _c2012. |
||
| 300 |
_a192 p. ; _c18 cm. |
||
| 650 | _aEnglish language--Pronunciation by foreign speakers. | ||
| 942 |
_2lcc _cBK |
||
| 999 |
_c296250 _d296250 |
||